Razón de la inquisición

Uloženo v:
Podrobná bibliografie
Hlavní autor: Palacios Atard, Vicente (autor)
Médium: Kniha
Jazyk:španělština
Vydáno: Madrid, España Publicaciones Españolas 1954
Edice:Temas de España ante el Mundo
Témata:
Tagy: Přidat tag
Žádné tagy, Buďte první, kdo vytvoří štítek k tomuto záznamu!

MARC

LEADER 00000nam a2200000 a 4500
001 UCP4640
003 CL-VaPUC
005 20230118171726.0
008 990806e19540000SP |||||||||||||||||spa|d
999 |c 282547  |d 282545 
040 |c Pontificia Universidad Católica de Valparaíso 
082 0 4 |a 272.2 PAL 1954  |2 21 
100 |a Palacios Atard, Vicente  |e autor  |9 430969 
245 1 0 |a Razón de la inquisición 
260 |a Madrid, España  |b Publicaciones Españolas  |c 1954 
300 |a 54 páginas 
490 0 |a Temas de España ante el Mundo 
583 |a last modification  |c 19990806 00:00:00  |k Rodrigo Vera 
650 0 |a Inquisición (Iglesia Católica)  |z ESPAÑA  |9 258578 
650 7 |a HISTORIA ECLESIASTICA  |2 CL-VaPUC  |9 432244  |z ESPAÑA 
650 7 |a HEREJIA  |2 CL-VaPUC  |9 317534  |z ESPAÑA 
650 0 |a Brujería   |z ESPAÑA  |9 335555 
650 0 |a Demonología  |z ESPAÑA  |9 314401 
852 |a BIBCUR 
942 |c BK  |2 ddc 
945 |d 19990806 00:00:00  |a crobeson 
952 |0 0  |1 0  |2 ddc  |4 0  |6 272_200000000000000_PAL_1954  |7 0  |8 A  |9 324393  |a BIBHIS  |b BIBHIS  |d 2019-11-20  |i 1355236  |o 272.2 PAL 1954  |p 1355236  |r 2025-01-20  |t 1  |w 2019-11-20  |y BK  |k HIS 
952 |0 0  |1 0  |2 ddc  |4 0  |6 272_200000000000000_PAL_1954  |7 0  |8 A  |9 324394  |a BIBHIS  |b BIBHIS  |d 2019-11-20  |i 1355244  |o 272.2 PAL 1954  |p 1355244  |r 2025-01-20  |t 2  |w 2019-11-20  |y BK  |k HIS